MARC

LEADER 00000nam0a2200000 4500
001 120134
005 20231031124858.0
020 |a RU  |b 85-49934 
035 |a (RuTPU)RU\TPU\book\130076 
090 |a 120134 
100 |a 20070817d1985 m a0rusy5003 ca 
101 0 |a rus 
102 |a RU 
105 |a a z 001zy 
200 1 |a Экономико-математические модели в трубопроводном строительстве  |f Л. М. Униговский 
210 |a Москва  |c Недра  |d 1985 
215 |a 160 с.  |c ил.  |d 20 см 
225 1 |a Экономическая жизнь страны 
320 |a Библиогр.: с. 156-158. 
610 1 |a экономико-математические модели 
610 1 |a трубопроводное строительство 
610 1 |a магистральные трубопроводы 
610 1 |a постройка 
610 1 |a математические исследования 
610 1 |a строительные организации 
610 1 |a нефтяная промышленность 
610 1 |a экономика 
675 |a 622.692.4.07  |v 3 
700 1 |a Униговский  |b Л. М.  |g Леонид Михайлович 
801 0 |a RU  |b RuMRKP  |c 19950704  |g psbo 
801 1 |a RU  |b 63413507  |c 20070817  |g PSBO 
801 2 |a RU  |b 63413507  |c 20080505  |g PSBO 
942 |c BK